01460nam a2200241 a 4500008004100000020001500041050001600056100001600072245006600088260004400154300002400198350000900222500008100231650001000312650003500322995015000357995015000507995015000657999001700807952012600824952013400950952013401084120416s1995 ||||||||||||||||| || u a9280808761 aS 596.7 Lal aLal, Rattan10aSustainable management of soil resources in the humid tropics aTokyobUnited N. University Pressc1995 axvii, 146 p. : ill. a0.00 a'UNUP-876'--T.p. verso. -Includes bibliographical references (p. [138]-146). aSOILS aSOILS - SUSTAINABLE MANAGEMENT aANNEX COLLECTION (Main Library)D0.00e731898FCBU-MAIN LIBRARY (Kitwe)H3I10.00jS 596.7 LalM3UAVAILABLEy029144ZAnnex Low-Usage Collection  aMAIN LIBRARY OPEN ACCESSD0.00e733481FCBU-MAIN LIBRARY (Kitwe)H2I10.00jS 596.7 LalM2UAVAILABLEy45270ZMain Library Open Access Collection aMAIN LIBRARY OPEN ACCESSD0.00e734367FCBU-MAIN LIBRARY (Kitwe)H6I10.00jS 596.7 LalM6UAVAILABLEy46500ZMain Library Open Access Collection c80870d80870 00102lcc4070a001b001cAnnex Low-Usage Collectiond2023-07-11l0oS 596.7 Lalp029144r2023-07-11t1w2023-07-11y002 00102lcc4070a001b001cMain Library Open Access Collectiond2023-07-11l0oS 596.7 Lalp45270r2023-07-11t2w2023-07-11y002 00102lcc4070a001b001cMain Library Open Access Collectiond2023-07-11l0oS 596.7 Lalp46500r2023-07-11t3w2023-07-11y002